Almanaque mundial 2014 : anuario geopolítico mundial /

Guardado en:
Autor Principal: Obregón Sánchez, Carolina ; coord.
Formato: Libro
Publicado: Santiago [chile] : Televisa, 2013
Series:Continental ; 60
Materias:
Etiquetas: Agregar Etiqueta
Sin Etiquetas, Sea el primero en etiquetar este registro!
LEADER 00653nam a22002055a 4500
001 CEM.cems014263
005 20140403140854.0
008 130507s2013##################000#0#####d
003 CEMS
082 0 4 |a 910.3 
100 1 |a Obregón Sánchez, Carolina ; coord. 
245 1 0 |a Almanaque mundial 2014 :  |b anuario geopolítico mundial /  |c Coordinado Por Carolina Obregón Sánchez 
260 |a Santiago [chile] :  |b Televisa,  |c 2013 
300 |a 608 p. 
490 0 |a Continental ; 60 
653 |a Almanaque mundial 
653 |a Geografia 
653 |a Geopolítica 
653 |a Política 
859 |a CEMS  |b BIB. CEMS - 11 de abril  |h 910.3  |i G589  |p 26870.14  |t Ej.1  |v 2014  |3 2014